000 00649 a2200205 4500
020 _a0256116997
020 _a9780256116991
082 0 4 _a658.402
090 _c3771
_d3771
100 1 _aRobey, Daniel.
245 1 0 _aDesigning organizations /
_cDaniel Robey.
250 _a4th ed.
260 _a[S.l.] :
_bMcGraw-Hill/Irwin,
_c1994.
300 _a560 p. ;
_c24 cm.
500 _aHardcover.
700 1 _aSales, Carol.
856 4 0 _3Amazon.com
_uhttp://www.amazon.com/exec/obidos/ASIN/0256116997/chopaconline-20
856 4 0 _3Amazon customer reviews
_uhttp://www.chopac.org/cgi-bin/tools/azrev.pl?q=0256116997
942 _aNBS
_cBK
_k658.402 ROB
999 _c346236
_d346236